000 00483nam a2200169 4500
001 117342
003 ES-MaACL
005 20230906190902.0
007 t|
008 070302s1930 pl r ||||1| eng d
100 1 _aPearson, E.S.
_989817
245 1 0 _aOn the problem of tow samples /
_cby E.S. Pearson and J. Neyman.
260 _aCracovie :
_b[s.n.],
_c1930 (
_fImp. de l'Universite)
300 _a26 p. ;
_c24 cm.
700 1 _aNeyman, J.
_985516
852 _aES-MaACL
_j1753-F-8
999 _c117342
_d117342